000 02812nkm0a2200529 4500
001 RU\NLR\BIBL_A\022089511
005 20260407085842.0
035 _a(NLR Aleph) 022089511
071 5 0 _a1034
_d5 к.
_950000
090 _a13318758
_c13318758
100 _a20231205d1930 |||y0rusy50 ca
101 0 _arus
102 _aRU
116 _aiiycxx bf ae
135 _acrcn 024anaba
181 0 _ab4
_bxb2e
182 0 _an
200 1 _aКиргизские пионеры
_eпочтовая карточка
_fГ. В.
203 _aИзображение
_bнеподвижное
_bдвухмерное
_bвизуальное
_cнепосредственное
210 _aМосква
_aЛенинград
_cХудожественное издательское акционерное общество АХР
_d1930
_eЛнгр. [Ленинград]
_gЛит. им. М. Томского
215 _a1 л.
_cхромолитогр.
_d14,9х10,4
300 _aНа адрес. стороне изд. марка - источник сведений о месте издания
300 _aЦенз. разрешение: Главлит № А-57770
301 _aИзд. номер: № 1034
325 _aКопия доступна в Электрон. б-ке РНБ
606 1 _aПочтовые открытки маркированные художественные
_yСССР
_z1917 - 1941
_92195712
_3RU\NLR\AUTH\6601555037
606 1 _aКиргизы
_jОткрытки
_9992348
_3RU\NLR\AUTH\6657162
606 1 _aЮные пионеры
_jОткрытки
_91253525
_3RU\NLR\AUTH\66196360
606 1 _aДети
_jОткрытки
_yСССР
_z1917 - 1941
_92092770
_3RU\NLR\AUTH\661570064
606 1 _aЮрта
_jОткрытки
_91190998
_3RU\NLR\AUTH\66480708
610 1 _aЭтнографические открытки
610 1 _aМальчики
686 1 _aЩ153(2)7-489
700 0 _4040
_7ca
_8rus
_aГ. В.
_cпсевдоним, художник
_9262581
_3RU\NLR\AUTH\770262637
712 0 2 _4650
_aАссоциация художников революции
_cМосква
_bИздательство
_3RU\NLR\AUTH\889926300
_9348375
712 0 2 _4610
_aЛитография им. Томского
_cЛенинград
_3RU\NLR\AUTH\8810047207
_9594223
852 0 0 _aNLR
_bЭ
_jОПр610/45
_mинв.201301
856 0 _uhttps://vivaldi.nlr.ru/lo700000456/view
856 1 _uhttps://vivaldi.nlr.ru/lo700000456/cover
856 2 _uhttps://vivaldi.nlr.ru/lo700000456/text
942 _cVISUAL
980 _aNB
981 1 7 _a(17) Изографические материалы
_b(17) Открытки